000 00965nam a22003137a 4500
001 BR0503606
003 BR-BrBNA
005 20230928102003.0
007 ta
008 230509b bl.||||| |||| 00| 0 por d
040 _aBR-BrBNA
_bpor
_cBiblioteca Nacional de Agricultura
041 _a(Por)
072 _aP10; P01
090 _ P10 BR0503606
100 1 _aDias, H.
100 1 _aLino, C.F.
245 1 _aÁguas e florestas da Mata Atlântica: por uma gestão integrada; subsídios para uma política de gestão integrada de recursos hídricos e florestais da Mata Atlântica
260 3 _aSão Paulo, SP (Brasil):
_c2003.
300 _a48 p.
500 _aBibliography p. 45-48; 5 illus.
650 _aFLORESTA
650 _aPRESERVAÇÃO DA NATUREZA
650 _aRECURSO HÍDRICO
650 _aBACIA HIDROGRÁFICA
650 _aPOLÍTICA FLORESTAL
650 _aPOLÍTICA AMBIENTAL
909 _a202309
_bLucia
_c55
_dLucia Elande
942 _cBK
999 _c68576
_d68576